Film ambientati a Roma per immagine - Statistics

Statistiche generali
  • Questo quiz è stato fatto 54 volte
  • Il punteggio medio è 7 su 16
Statistiche sulle risposte
con Immagini Risposta % Corretto
Asterix contro Cesare
90%
Il gladiatore
86%
La dolce vita
58%
Vacanze romane
58%
C'è ancora domani
54%
Spectre
54%
La grande bellezza
52%
Angeli e demoni
44%
Madagascar 3 - Ricercati in Europa
44%
Mission: Impossible III
40%
Ben-Hur
32%
John Wick - Capitolo 2
32%
Spartacus
26%
Ladri di biciclette
24%
Il talento di mister Ripley
14%
To Rome with Love
4%
Nessun quiz corrispondente trovato
Distribuzione punteggi
Percentuale di utenti per punteggio
Percentile per numero di risposta
I tuoi punteggi nel tempo
Non hai fatto questo quiz